000 00547cam a22002291 4500
001 sa 63003238
003 DLC
005 20260227111940.0
008 890627s1963 ii 000 0 hino
010 _asa 63003238
035 _a(OCoLC)19932105
040 _aDLC
_cWaU
_dDLC
042 _apremarc
050 0 0 _aPK1850.5
_b.J3
100 1 _aJaina, Prakāśa,
_d1926-1988.
245 1 0 _aNayā sāhitya.
260 _c[1963]
300 _a176 p.
_c22 cm.
500 _aIn Hindi.
650 0 _aGujarati literature.
700 0 _aManamohinī.
999 _c54974
_d54974